000 00257nam a2200097Ia 4500
001 689616
005 20250826161637.0
008 250824s9999 xx 000 0 und d
245 0 _aİNANÇ PSİKOLOJİSİ VE BİLİM
_cNEVZAT TARHAN
260 _bTİMAŞ YAYINLARI
999 _c689616
_d689616